000 00484nam a22001937a 4500
003 MPLRDC
005 20220104124158.0
008 210129b ||||| |||| 00| 0 eng d
020 _a7-5346-0456-7
082 _a878.57 SWTS
100 _a塞万提斯
245 _a堂. 吉诃德
_c
250 _a一版三刷
260 _a
_b江苏少年儿童出版社
_c1990
300 _b
490 _a西方文学名著选粹
650 _a西斑牙文学
942 _cBK
_o878.57 SWTS
999 _c17267
_d17257